Comparative study of personality characterstics of drug-users and non users among university students (Record no. 11788)
[ view plain ]
| 000 -LEADER | |
|---|---|
| fixed length control field | 00804nam a2200241Ia 4500 |
| 082 ## - DEWEY DECIMAL CLASSIFICATION NUMBER | |
| Classification number | TS.0002 |
| 100 ## - MAIN ENTRY--AUTHOR NAME | |
| Personal name | Sewa Singh |
| 245 #0 - TITLE STATEMENT | |
| Title | Comparative study of personality characterstics of drug-users and non users among university students |
| 260 ## - PUBLICATION, DISTRIBUTION, ETC. (IMPRINT) | |
| Year of publication | 1977 |
| Name of publisher | University of Delhi |
| 300 ## - PHYSICAL DESCRIPTION | |
| Number of Pages | 237p. + C D - 51 |
| 650 ## - SUBJECT ADDED ENTRY--TOPICAL TERM | |
| Topical Term | COLLEGE STUDENTS - PSYCHOLOGY |
| 650 ## - SUBJECT ADDED ENTRY--TOPICAL TERM | |
| Topical Term | NARCOTICS HABIT///DRUG ABUSE |
| 650 ## - SUBJECT ADDED ENTRY--TOPICAL TERM | |
| Topical Term | YOUTH AND DRUGS//DRUGS AND YOUTH |
| 650 ## - SUBJECT ADDED ENTRY--TOPICAL TERM | |
| Topical Term | DRUG ABUSE - INDIA |
| 650 ## - SUBJECT ADDED ENTRY--TOPICAL TERM | |
| Topical Term | COLLEGE STUDENTS - PERSONALITY//COLLEGE STUDENTS - PSYCHOLOGY |
| 650 ## - SUBJECT ADDED ENTRY--TOPICAL TERM | |
| Topical Term | UNIVERSITY STUD |
| 650 ## - SUBJECT ADDED ENTRY--TOPICAL TERM | |
| Topical Term | DRUGS AND YOUTH |
| 650 ## - SUBJECT ADDED ENTRY--TOPICAL TERM | |
| Topical Term | DRUG ADDICTION//DRUG ABUSE |
| 650 ## - SUBJECT ADDED ENTRY--TOPICAL TERM | |
| Topical Term | DRUG HABIT//DRUG ABUSE |
| 650 ## - SUBJECT ADDED ENTRY--TOPICAL TERM | |
| Topical Term | NARCOTICS AND YOUTH//DRUGS AND YOUTH |
| 710 ## - ADDED ENTRY--CORPORATE NAME | |
| Corporate name or jurisdiction name as entry element | Broota, K.D. |
| 942 ## - ADDED ENTRY ELEMENTS (KOHA) | |
| Koha item type | Thesis |
| Source of classification or shelving scheme | Dewey Decimal Classification |
| Withdrawn status | Lost status | Damaged status | Not for loan | Home library | Current library | Date acquired | Bill Date | Full call number | Accession Number | Price effective from | Koha item type |
|---|---|---|---|---|---|---|---|---|---|---|---|
| NASSDOC Library | NASSDOC Library | 08/10/2004 | 2004-10-22 | TS.0002 | 27098 | 18/04/2019 | Thesis |
